[Event "Spring Catalan"]
[Site "SchemingMind.com"]
[Date "2022.03.13"]
[Round "-"]
[White "pmdpsp"]
[Black "Phillip Beckett"]
[Result "1-0"]
[WhiteCountry "GER"]
[BlackCountry "ENG"]
[WhiteElo "1829"]
[WhiteRD "88"]
[BlackElo "1429"]
[BlackRD "53"]
[GameID "721549"]

1. d4 Nf6 2. c4 e6 3. g3 Bb4+ 4. Bd2 Bxd2+ 5. Nxd2 O-O 6. Bg2 d5 7. Qc2 c6 8. O-O-O Nbd7 9. Kb1 dxc4 10. Qxc4 Nb6
11. Qd3 Nbd7 12. e4 Qb6 13. e5 Nd5 14. a3 a5 15. Be4 g6 16. h4 f5 17. Bf3 Qa7 18. h5 b5 19. hxg6 hxg6 20. Bxd5 cxd5
21. Qf1 b4 22. Qh3 Kf7 23. Qh7+ Ke8 24. Qxg6+ Kd8 25. a4 Nb6 26. Rh7 Qb8 27. Qg5+ Ke8 28. Qe7#
1-0

[Event "Spring Catalan"]
[Site "SchemingMind.com"]
[Date "2022.03.13"]
[Round "-"]
[White "pmdpsp"]
[Black "ray winteringham"]
[Result "1-0"]
[WhiteCountry "GER"]
[BlackCountry "ENG"]
[WhiteElo "1829"]
[WhiteRD "88"]
[BlackElo "1453"]
[BlackRD "50"]
[GameID "721550"]

1. d4 Nf6 2. c4 e6 3. g3 h6 4. Bg2 Bb4+ 5. Bd2 c6 6. Bxb4 Qc7 7. e4 a5 8. Ba3 b6 9. e5 Nh7 10. Bd6 Qa7
11. Qg4 g6 12. Qh4 g5 13. Qxh6 Na6 14. Qg7
1-0

[Event "Spring Catalan"]
[Site "SchemingMind.com"]
[Date "2022.03.14"]
[Round "-"]
[White "ray winteringham"]
[Black "pmdpsp"]
[Result "0-1"]
[WhiteCountry "ENG"]
[BlackCountry "GER"]
[WhiteElo "1453"]
[WhiteRD "50"]
[BlackElo "1829"]
[BlackRD "88"]
[GameID "721551"]

1. d4 Nf6 2. c4 e6 3. g3 d5 4. c5 b6 5. Bg2 bxc5 6. Nf3 c4 7. Nc3 c5 8. Be3 cxd4 9. Nxd4 Bb4 10. Qc2 O-O
11. O-O e5 12. Nf3 Nc6 13. a3 Ba5 14. Rfd1 Be6 15. Bg5 Bxc3 16. Qxc3 d4 17. Qc1 Rc8 18. Qb1 h6 19. Bxf6 Qxf6 20. h4 Bf5
21. Qa2 Bc2 22. Rdc1 Bb3 23. Qb1 Rfd8 24. Re1 c3 25. bxc3 Bd5 26. e4 dxe3 27. Rxe3 Re8 28. Qb5 Bxf3 29. Rxf3 Qd6 30. Qb7 Rc7
31. Qb3 Rb8 32. Qc2 Nd4 33. Qd2 Nxf3+ 34. Bxf3 Qxd2
0-1

[Event "Spring Catalan"]
[Site "SchemingMind.com"]
[Date "2022.03.14"]
[Round "-"]
[White "pmdpsp"]
[Black "Chessibelle"]
[Result "1-0"]
[WhiteCountry "GER"]
[BlackCountry "ENG"]
[WhiteElo "1829"]
[WhiteRD "88"]
[BlackElo "1057"]
[BlackRD "62"]
[GameID "721552"]

1. d4 Nf6 2. c4 e6 3. g3 g6 4. Bg2 Be7 5. Bh6 d5 6. Nf3 c6 7. O-O a6 8. c5 b6 9. cxb6 Qxb6 10. Qc2 Nbd7
11. Nc3 Bb7 12. a4 a5 13. Kh1 Ng4 14. Bg7 Rg8 15. Be5 Ngxe5 16. dxe5 O-O-O 17. Nb5 Nc5 18. Nd6+ Bxd6 19. exd6 Rxd6 20. Ne5 f5
21. e3 Ba6 22. Rfc1 Kb7 23. b4 Ne4 24. bxa5 Qxa5 25. Nf7 Rd7 26. Qxc6+ Ka7 27. Qxd7+ Bb7 28. Bxe4 fxe4 29. Nd6 Rb8 30. Rab1 Ka8
31. Rxb7 Qd2 32. Ra7#
1-0

[Event "Spring Catalan"]
[Site "SchemingMind.com"]
[Date "2022.03.13"]
[Round "-"]
[White "Chessibelle"]
[Black "pmdpsp"]
[Result "0-1"]
[WhiteCountry "ENG"]
[BlackCountry "GER"]
[WhiteElo "1057"]
[WhiteRD "62"]
[BlackElo "1829"]
[BlackRD "88"]
[GameID "721553"]

1. d4 Nf6 2. c4 e6 3. g3 c5 4. Nf3 d5 5. e3 Nc6 6. Be2 Bd6 7. O-O O-O 8. Ng5 e5 9. Bf3 e4 10. Bg2 Bg4
11. f3 exf3 12. Nxf3 Ne4 13. b3 f5 14. Nbd2 Bxg3 15. hxg3 Nxg3 16. Rf2 Qf6 17. Qc2 Qh6 18. Qc3 Ne4 19. Nxe4 fxe4 20. Nh2 Rxf2
21. Nxg4 Rxg2+ 22. Kxg2 Qg5 23. Kg3 Rf8 24. Ba3 Rf3+ 25. Kh2 Qh4+ 26. Kg1 Qxg4+ 27. Kh1 Rh3#
0-1